Aviturismo comunitario en los páramos de Cundinamarca /

Bibliographic Details
Main Author: Mora Forero, Jorge Alexander (Author)
Other Authors: Bernal Jurado, Marco Aurelio (Editor)
Format: Electronic eBook
Language:Spanish
Published: Bogotá, [Colombia] : Corporación Universitaria Minuto de Dios - UNIMINUTO, [2020]
Subjects:
Online Access:Digitalia Hispánica

MARC

LEADER 00000nam a2200000Ii 4500
001 DIGCUMD0058
003 NyNyDIG
008 240104s2020 ck a ob 000 0 spa d
006 m o d
007 cr |||||||||||
020 |a 9789587634143  |q eBook 
020 |z 9789587634136 
035 |a (OCoLC)1417821398 
040 |a DGITA  |b eng  |e rda  |e pn  |c DGITA 
043 |a s-ck--- 
050 1 4 |a QL673 ebook 
245 0 0 |a Aviturismo comunitario en los páramos de Cundinamarca /  |c autor principal, Jorge Alexander Mora Forero [and 8 others] ; colaboradores, Marco Aurelio Bernal Jurado [and 3 others]. 
264 1 |a Bogotá, [Colombia] :  |b Corporación Universitaria Minuto de Dios - UNIMINUTO,  |c [2020] 
300 |a 1 online resource :  |b illustrations. 
336 |a text  |b txt  |2 rdacontent 
337 |a computer  |b c  |2 rdamedia 
338 |a online resource  |b cr  |2 rdacarrier 
347 |a text file  |2 rdaft 
347 |b PDF 
504 |a Includes bibliographical references. 
588 0 |a Online resource; title from PDF title page (Digitalia, viewed January 4, 2024) 
650 0 |a Bird watching  |z Colombia  |z Cundinamarca. 
650 0 |a Birds  |v Identification  |z Colombia  |z Cundinamarca. 
700 1 |a Mora Forero, Jorge Alexander,  |e author. 
700 1 |a Bernal Jurado, Marco Aurelio,  |e editor. 
776 0 8 |i Print version:  |t Aviturismo comunitario en los páramos de Cundinamarca.  |b Primera edición.  |d Bogotá, [Colombia] : Corporación Universitaria Minuto de Dios - UNIMINUTO, [2020]  |z 9789587634136 
791 2 |a Digitalia (Firm),  |e distributor. 
793 0 |g Digitalia eBook Collection:  |a Corporación Universitaria Minuto de Dios 
856 4 0 |3 Digitalia Hispánica  |u https://www.digitaliapublishing.com/a/131334/ 
910 |a Premium collection: 2024